Voice and data communications handbook

Spremljeno u:
Bibliografski detalji
Glavni autor: Bates, Regis J. (Bud)
Format: Knjiga
Jezik:Undetermined
Izdano: New York McGraw- Hill 2001
Teme:
Oznake: Dodaj oznaku
Bez oznaka, Budi prvi tko označuje ovaj zapis!
Thư viện lưu trữ: Trung tâm Học liệu Trường Đại học Cần Thơ
LEADER 00541nam a2200193Ia 4500
001 CTU_74653
008 210402s9999 xx 000 0 und d
020 |b 849000 
082 |a 621.3828 
082 |b B329 
100 |a Bates, Regis J. (Bud) 
245 0 |a Voice and data communications handbook 
245 0 |c Regis J. (Bud) Bates 
260 |a New York 
260 |b McGraw- Hill 
260 |c 2001 
650 |a Acoustical engineering,Telecommunication 
904 |i Tuyến 
980 |a Trung tâm Học liệu Trường Đại học Cần Thơ